000 00598nam a2200253Ia 4500
005 20260121154800.0
008 008 260114s9999 xx 000 0 eng d
020 _a9781003029939
037 _aEBOOK
040 _aCRL
040 _beng
040 _cCRL
041 _2eng
041 _aeng
084 _qCRL
100 _a Emma Caulfield
_91011441
245 0 _aMore Planning to Teach Writing
260 _bTaylor and Francis
260 _c2021
856 _uhttp://www.taylorfrancis.com/books/9781003029939
942 _cEBOOK
999 _c1578262
_d1578262